000 005320000a22001690004500
003 MACL
005 20160226130917.0
008 160226b xxu||||| |||| 00| 0 eng d
040 _aMACL
_cMACL
041 _aHindi
082 _a800
100 _aडॉ रणवीर रांग्रा
_940623
245 _aसाहित्यिक साक्षात्‍कार
260 _bपूर्वोदय प्रकाशन
_c1978
_aदिल्‍ली
650 _aLiteracture
_939932
942 _cHIN
_k800
_2ddc
999 _c27217
_d27217